| 000 | 00539nam a2200229Ia 4500 | ||
|---|---|---|---|
| 008 | 210210b1933 xxu||||| |||| 00| 0 eng d | ||
| 041 | _aeng | ||
| 082 | _a590/114 | ||
| 100 | _aGNANAMUTHU (C P) | ||
| 245 | _aRecords of the Indian museum: the anatomy of the tongue of hexadactyla | ||
| 260 |
_aCalcutta _b- _c1933 |
||
| 650 | _atongue | ||
| 650 | _athe | ||
| 650 | _aRecords | ||
| 650 | _aof | ||
| 650 | _amuseum: | ||
| 650 | _aIndian | ||
| 650 | _ahexadactyla | ||
| 650 | _aanatomy | ||
| 690 | _aZoology | ||
| 906 | _a010686 | ||
| 999 |
_c138457 _d138457 |
||